Регионална библиотека "Любен Каравелов" - Русе

Хищническа нация (Запис номер 154454)

MARC детайли
000 -Лидер
Контролно поле с фиксирана дължина 01877nam a2200409 c 4500
003 - Код на организацията, давaща контролен номер
Контролно поле BLK
005 - Дата и час на последна редакция
Контролно поле 20230908153019.0
008 - Елементи от данни с фиксирана дължина
fixed length control field 180410b bul|||||r ||||||| ||bul||
010 ## - Наследен системен номер
LC control number KNG00161078000
020 ## - Международен стандартен номер на книга ISBN
Международен стандартен номер на книга ISBN 978-954-761-543-4
-- издат.: ИнфоДар
040 ## - Източник на каталожния запис
Идентификатор на билиотеката - собственик на записа BLK
041 ## - Код за език
Код за езика на текст/звукозапис или на отделно заглавие Български
Код за езика КДБФ Български
072 #7 - Код за тематичната категория
Код организация bullib
Код за тематична категория Н33
Текст Икономика Н
080 ## - УДК
Текстов определител УДК Стопански кризи. Депресии
УДК код - определител по УДК 338.124.4
УДК определител (73)
УДК - код + определител 338.124.4(73)
100 1# - Редна дума - Автор
Автор Фъргюсън, Чарлз
Авторска отговорност първи автор
R(LIN) 332455
139 ## - Редно поле
Редна дума Фъргюсън, Чарлз
Авторски знак Фъ - Ф 97
245 10 - Сведения за заглавието
Заглавие Хищническа нация
Подзаглавни данни Корпоративните престъпници, политическата корупция и ограбването на Америка
Редно поле (дума) Чарлз Фъргюсън; прев. Стефан Любомиров Георгиев.
257 ## - Страна на издаване
Страна на създаване/издаване Съединени американски щати
260 ## - Област на издателските данни
-- София
Име на издателя, разпространителя и проч. ИнфоДар
Година на издаване 2014
Печатница София : Симолини
300 ## - Физическа характеристика
Страници 377 с.
Илюстрации и др. с диагр.
Размери/Мащаб 22 см
380 ## - Жанр
Жанр Обществени науки
500 ## - Общи забележки
Забележка Ориг. загл. Predator Nation: Corporate Criminals, Political Corruption, and the Hijacking of America / Charles Ferguson. - Съдържа и за авт. - Бел. ; Речник.
650 #4 - Допълнително описание по предмет – тема
Основно описание – тема или топоним Финанси - кризи - САЩ
9 (RLIN) 332457
650 #4 - Допълнително описание по предмет – тема
Основно описание – тема или топоним Стопански кризи - САЩ
9 (RLIN) 332458
651 #4 - Допълнително описание по предмет - топоним
Географско понятие САЩ
9 (RLIN) 179493
653 ## - Ключова дума – ненормативна
Ключова дума финансови кризи
653 ## - Ключова дума – ненормативна
Ключова дума финансови престъпления
653 ## - Ключова дума – ненормативна
Ключова дума корупция
659 ## - Тематичен бюлетин
Тематичен бюлетин Н
700 ## - Други автори (авторска отговорност)
Лично име Георгиев, Стефан Любомиров
Дати, свързани с автора 1972-
9 (RLIN) 382280
852 ## - Местоположение
Форматна сигнатура Цб 268923
856 4# - Електронен адрес и достъп
Електронен формат pdf - файл
Път до файла /url/
856 4# - Електронен адрес и достъп
Електронен формат pdf - файл
Път до файла /url/
942 ## - АРТИКУЛИ
Вид на библиотечния материал Книги
Скрит в OPAC Не
Koha issues (borrowed), all copies 5
944 ## - СЪЗДАВАНЕ И РЕДАКЦИЯ на ЗАПИСА
Създаване/Редакция Създаване
Дата на регистрацията/редакция 22.05.2014
Статус, дата на статуса Теодора Пейчева-Дянкова
Служител, извършил регистрацията/редакцията 30556
944 ## - СЪЗДАВАНЕ И РЕДАКЦИЯ на ЗАПИСА
Създаване/Редакция Редакция
Дата на регистрацията/редакция 26.08.2015
Статус, дата на статуса ф /
Служител, извършил регистрацията/редакцията Пенка_Димитрова
999 ## - СИСТЕМНИ КОНТРОЛНИ НОМЕРА
Koha biblionumber 154454
Koha biblioitemnumber 154454
Наличности
Код за отписване Код за изгубен артикул Източник на класификационната схема Код за повреда Коз за рестрикции Код за отдаване Артикулен № Име на библиотеката - собственик Име на библиотеката, в която се намира в момента Статус (Текущо местоположение) Дата на вписване в системата Местоположение - отдел Цена в лева Инвентарен номер Систематично азбучна сигнатура Баркод Номер на екземпляра Цена в евро Служебна бележка Служебен тип на артикула
  Не е изгубен Universal Decimal Classification Не е повреден без рестрикции заемане за дома 258904 Регионална библиотека "Любен Каравелов" Русе Регионална библиотека "Любен Каравелов" Русе Заемна - подръчен фонд 2014-05-23 Заемна - подръчен фонд 12.47 120000777585 П 338/Ф 97 120000777585 1 6.38 Дост: Pk Вид: Ф N: 316 Дата: 21.05.2014 Дата инв: 05.02.2018 Бележки инв: П2018 Книги
  Не е изгубен   Не е повреден без рестрикции ползва се в читалня 258905 Регионална библиотека "Любен Каравелов" Русе Регионална библиотека "Любен Каравелов" Русе Хранилище 2015-08-26 Хранилище 15.99 120000791484 Цб 268923 120000791484 2 8.18 Дост: Dp Вид: Д N: 20 Дата: 29.04.2015 Книги
Vip Innovations Ltd, Rousse, Bulgaria 2025